000 00432nam a2200181Ia 4500
001 16566
005 20260306170319.0
008 260306t2007||||xx |||||||||||||| ||und||
041 _aESP
082 _a348.621
_bG312
100 _aGaceta Jurídica
_eAUT
245 0 _aCompensación por tiempo de servicio
260 _c2007
300 _a71 páginas :
_c24 cm.
650 _aGEN
654 _aCDE
942 _cLIB
_dJUS
_fJUS
_2ddc
_n
999 _c16566
_d16566